000 00859nam a2200265 a 4500
001 BRCA_8274
005 20190320210216.0
008 100614s1932----gw-a###f##---#001-0#ger-#
041 _ager
044 _agw
050 4 _aN2230
_b.G46 1932
245 1 0 _aDie Gemälde Galerie
_bdie holländischen meister 17. und 18. jahrhundert
_cStaatliche Museen zu Berlin.
260 _aBerlín
_bPaul Cassirer
_c1932
300 _a194 p.
_bil. 370 láminas
_c24 cm.
500 _aIncluye índice de ilustraciones
500 _aS52b
610 2 4 _aGemälde Galerie (Alemania)
_920662
650 1 4 _aArte holandés
_ySiglo XVII
_920663
650 1 4 _aArte holandés
_ySiglo XVIII
_920664
650 1 4 _aObras de arte
_vCatálogos
_920665
650 1 4 _aGalerías y museos
_zAlemania
_95059
710 2 _aStaatlichen Museen zu Berlin
_920666
902 _aGFM
942 _2lcc
_cB
999 _c7942
_d7942